01741nam a22003257a 45000010009000000050017000090080041000260100017000670200030000840200031001140200026001450200026001710400028001970420008002250500010002332450114002432630009003572640081003663000015004473360026004623370028004883380027005164900025005435040051005685200537006196000035011566500034011917000036012257760154012612247678620231107135316.0231107b |||||||| |||| 00| 0 eng d a 2022013480 a9781800502284q(hardback) a9781800502291q(paperback) z9781800502307q(epdf) z9781800502574q(epub) aDLCbengerdacKMUdKMU apcc00aBL 4100aOn the subject of religion :bcharting the fault lines of a field of study /cedited by James Dennis LoRusso. a2210 1aSheffield, South Yorkshire ;aBristol, CT :bEquinox Publishing Ltd,c2022. aVI,231 p.: atextbtxt2rdacontent aunmediatedbn2rdamedia avolumebnc2rdacarrier0 aNAASR working papers aIncludes bibliographical references and index. a"On the Subject of Religion takes as its inspiration the work of the late Jonathan Z. Smith, who challenged scholars to be mindful of the ways in which they imagine religion and religious data. Building on this crucial insight, this book brings together a range of early-career and established scholars of religion to explore how various domains of society-the classroom, academic literature, public debates, and private fundraising-shape, and are shaped, by the contours of the academic study of religion"--cProvided by publisher.10aSmith, Jonathan Z.xInfluence. 0aReligionxStudy and teaching.1 aLoRusso, James Dennis,eeditor.08iOnline version:tOn the subject of religiondSheffield, South Yorkshire ; Bristol, CT : Equinox Publishing Ltd, 2022z9781800502307w(DLC) 2022013481